<?xml version="1.0" encoding="UTF-8"?>
<record
    xmlns:xsi="http://www.w3.org/2001/XMLSchema-instance"
    xsi:schemaLocation="http://www.loc.gov/MARC21/slim http://www.loc.gov/standards/marcxml/schema/MARC21slim.xsd"
    xmlns="http://www.loc.gov/MARC21/slim">

  <leader>00421nam a22001697a 4500</leader>
  <controlfield tag="005">20180816111237.0</controlfield>
  <controlfield tag="008">160623b        xxu||||| |||| 00| 0 eng d</controlfield>
  <datafield tag="020" ind1=" " ind2=" ">
    <subfield code="a">978-81-265-2801-1</subfield>
  </datafield>
  <datafield tag="041" ind1=" " ind2=" ">
    <subfield code="a">eng</subfield>
  </datafield>
  <datafield tag="082" ind1=" " ind2=" ">
    <subfield code="b">9450</subfield>
  </datafield>
  <datafield tag="100" ind1=" " ind2=" ">
    <subfield code="a">Dally, James W and others</subfield>
    <subfield code="9">2608</subfield>
  </datafield>
  <datafield tag="245" ind1=" " ind2=" ">
    <subfield code="a">Instrumentation for Engineering Measurements</subfield>
  </datafield>
  <datafield tag="260" ind1=" " ind2=" ">
    <subfield code="b">Wiely</subfield>
  </datafield>
  <datafield tag="300" ind1=" " ind2=" ">
    <subfield code="a">557</subfield>
  </datafield>
  <datafield tag="650" ind1=" " ind2=" ">
    <subfield code="a">Diploma Engineering</subfield>
    <subfield code="9">817</subfield>
  </datafield>
  <datafield tag="942" ind1=" " ind2=" ">
    <subfield code="c">BK</subfield>
  </datafield>
  <datafield tag="999" ind1=" " ind2=" ">
    <subfield code="c">3724</subfield>
    <subfield code="d">3723</subfield>
  </datafield>
  <datafield tag="952" ind1=" " ind2=" ">
    <subfield code="0">0</subfield>
    <subfield code="1">0</subfield>
    <subfield code="4">0</subfield>
    <subfield code="7">0</subfield>
    <subfield code="a">JRU</subfield>
    <subfield code="b">MAIN</subfield>
    <subfield code="c">SHELF-46-L</subfield>
    <subfield code="d">2016-06-23</subfield>
    <subfield code="g">539.00</subfield>
    <subfield code="l">1</subfield>
    <subfield code="o">9450</subfield>
    <subfield code="p">9450</subfield>
    <subfield code="r">2016-08-19 00:00:00</subfield>
    <subfield code="s">2016-08-02</subfield>
    <subfield code="w">2016-06-23</subfield>
    <subfield code="y">BK</subfield>
  </datafield>
  <datafield tag="952" ind1=" " ind2=" ">
    <subfield code="0">0</subfield>
    <subfield code="1">0</subfield>
    <subfield code="4">0</subfield>
    <subfield code="7">0</subfield>
    <subfield code="a">JRU</subfield>
    <subfield code="b">MAIN</subfield>
    <subfield code="c">SHELF-46-L</subfield>
    <subfield code="d">2016-06-23</subfield>
    <subfield code="g">539.00</subfield>
    <subfield code="l">2</subfield>
    <subfield code="o">9450</subfield>
    <subfield code="p">9451</subfield>
    <subfield code="r">2017-04-24 00:00:00</subfield>
    <subfield code="s">2017-03-29</subfield>
    <subfield code="w">2016-06-23</subfield>
    <subfield code="y">BK</subfield>
  </datafield>
  <datafield tag="952" ind1=" " ind2=" ">
    <subfield code="0">0</subfield>
    <subfield code="1">0</subfield>
    <subfield code="4">0</subfield>
    <subfield code="7">0</subfield>
    <subfield code="a">JRU</subfield>
    <subfield code="b">MAIN</subfield>
    <subfield code="c">SHELF-46-L</subfield>
    <subfield code="d">2016-06-23</subfield>
    <subfield code="g">539.00</subfield>
    <subfield code="l">1</subfield>
    <subfield code="o">9450</subfield>
    <subfield code="p">9452</subfield>
    <subfield code="r">2017-07-04 00:00:00</subfield>
    <subfield code="s">2017-06-23</subfield>
    <subfield code="w">2016-06-23</subfield>
    <subfield code="y">BK</subfield>
  </datafield>
  <datafield tag="952" ind1=" " ind2=" ">
    <subfield code="0">0</subfield>
    <subfield code="1">0</subfield>
    <subfield code="4">0</subfield>
    <subfield code="7">0</subfield>
    <subfield code="a">JRU</subfield>
    <subfield code="d">2016-06-23</subfield>
    <subfield code="g">539.00</subfield>
    <subfield code="l">3</subfield>
    <subfield code="o">9450</subfield>
    <subfield code="p">9453</subfield>
    <subfield code="q">2020-03-01</subfield>
    <subfield code="r">2020-01-10 00:00:00</subfield>
    <subfield code="s">2020-01-10</subfield>
    <subfield code="w">2016-06-23</subfield>
    <subfield code="y">BK</subfield>
  </datafield>
  <datafield tag="952" ind1=" " ind2=" ">
    <subfield code="0">0</subfield>
    <subfield code="1">0</subfield>
    <subfield code="4">0</subfield>
    <subfield code="7">0</subfield>
    <subfield code="a">JRU</subfield>
    <subfield code="b">MAIN</subfield>
    <subfield code="c">SHELF-46-L</subfield>
    <subfield code="d">2016-06-23</subfield>
    <subfield code="g">539.00</subfield>
    <subfield code="l">2</subfield>
    <subfield code="o">9450</subfield>
    <subfield code="p">9454</subfield>
    <subfield code="r">2018-03-28 00:00:00</subfield>
    <subfield code="s">2018-03-19</subfield>
    <subfield code="w">2016-06-23</subfield>
    <subfield code="y">BK</subfield>
  </datafield>
</record>
